Statistiche per Elenca la formazione - Quiz n°78

Clicka qui per fare il quiz!

Statistiche generali

  • Questo quiz è stato fatto 14 volte
  • Il punteggio medio è 10 su 11

Statistiche sulle risposte

RuoloNazioneCalciatore% Corretto
CentrocampistaItaliaBryan Cristante
100%
DifensoreInghilterraChris Smalling
100%
TrequartistaItaliaLorenzo Pellegrini
100%
TrequartistaArgentinaPaulo Dybala
100%
AttaccanteInghilterraTammy Abraham
100%
DifensoreItaliaGianluca Mancini
93%
DifensoreBrasileRoger Ibañez
93%
PortierePortogalloRui Patrício
93%
CentrocampistaSerbiaNemanja Matić
86%
CentrocampistaItaliaLeonardo Spinazzola
79%
CentrocampistaTurchiaZeki Çelik
71%

Distribuzione punteggi

Percentile per numero di risposta

Percentuale di utenti per punteggio

I tuoi punteggi nel tempo

Non hai fatto questo quiz